[Event "Munich Whitsun op-A 3rd"]
[Site "Munich"]
[Date "2025.06.12"]
[Round "7"]
[White "Deuer, Marius"]
[Black "Hulka, Valentyn"]
[Result "1/2-1/2"]
[WhiteElo "2497"]
[BlackElo "2324"]
[PlyCount "59"]
[EventDate "2025.06.08"]
[EventType "swiss"]
[EventRounds "9"]
[EventCountry "GER"]
[SourceTitle "CB26_2025"]
[SourceDate "2025.06.25"]
[SourceVersion "1"]
[SourceVersionDate "2025.06.25"]
[SourceQuality "1"]

1. d4 d5 2. c4 e6 3. Nc3 Nf6 4. cxd5 exd5 5. Bg5 Bb4 6. e3 h6 7. Bf4 Bf5 8. Bd3 Bxd3 9. Qxd3 c6 10. Nge2 Nh5 11. Be5 Nd7 12. f3 Qe7 13. g4 Nhf6 14. Bg3 0-0-0 15. 0-0-0 Rhe8 16. Bf2 Kb8 17. Kb1 Ka8 18. Ng3 g6 19. h4 h5 20. gxh5 Bxc3 21. Qxc3 Nxh5 22. Nf1 Qf6 23. Nd2 Ng7 24. e4 Rh8 25. Rhf1 Ne6 26. Nb3 Qf4 27. Rde1 Rh5 28. Nc1 Re8 29. Ne2 Qf6 30. Bg3 1/2-1/2

[Event "Munich Whitsun op-A 3rd"]
[Site "Munich"]
[Date "2025.06.09"]
[Round "3"]
[White "Deuer, Marius"]
[Black "Charvi, A."]
[Result "1-0"]
[WhiteElo "2497"]
[BlackElo "1961"]
[PlyCount "66"]
[EventDate "2025.06.08"]
[EventType "swiss"]
[EventRounds "9"]
[EventCountry "GER"]
[SourceTitle "CB26_2025"]
[SourceDate "2025.06.25"]
[SourceVersion "1"]
[SourceVersionDate "2025.06.25"]
[SourceQuality "1"]

1. c4 Nf6 2. g3 g6 3. Bg2 Bg7 4. Nc3 0-0 5. d4 d6 6. Nf3 c5 7. d5 Nbd7 8. 0-0 a6 9. a4 Re8 10. h3 Rb8 11. Re1 h6 12. e4 b6 13. Bf4 Bb7 14. e5 dxe5 15. Nxe5 Nxe5 16. Bxe5 Rc8 17. Qb3 Nd7 18. Bf4 Ba8 19. Rad1 h5 20. Ne4 Nf6 21. Ng5 Nh7 22. Nf3 Qd7 23. Ne5 Bxe5 24. Bxe5 h4 25. gxh4 Qf5 26. Qxb6 e6 27. d6 Bxg2 28. Kxg2 Nf8 29. d7 Nxd7 30. Rxd7 Qc2 31. Qb7 Qxc4 32. Qf3 Rf8 33. Qf6 Ra8 1-0

[Event "AUT-chT Blitz"]
[Site "Pasching"]
[Date "2025.05.31"]
[Round "3.2"]
[White "Deuer, Marius"]
[Black "Grischuk, Alexander"]
[Result "1/2-1/2"]
[WhiteElo "2479"]
[BlackElo "2682"]
[PlyCount "116"]
[EventDate "2025.05.31"]
[EventType "team-swiss (blitz)"]
[EventRounds "13"]
[EventCountry "AUT"]
[SourceTitle "CB23_2025"]
[SourceDate "2025.06.04"]
[SourceVersion "1"]
[SourceVersionDate "2025.06.04"]
[SourceQuality "1"]
[WhiteTeam "Royal Salzburg"]
[BlackTeam "Linz ASV"]
[WhiteTeamCountry "AUT"]
[BlackTeamCountry "AUT"]

1. d4 e6 2. c4 b6 3. e4 Bb4+ 4. Bd2 Bxd2+ 5. Qxd2 d5 6. Qe3 Ne7 7. Nc3 0-0 8. Bd3 Ba6 9. cxd5 Bxd3 10. Qxd3 exd5 11. e5 c5 12. f4 Nbc6 13. Nf3 cxd4 14. Ne2 Nb4 15. Qd2 d3 16. Ned4 Nc2+ 17. Nxc2 dxc2 18. Qxc2 Rc8 19. Qd2 Qd7 20. 0-0 h6 21. Rac1 a5 22. g3 Rc5 23. Rxc5 bxc5 24. Qxa5 Rc8 25. Rc1 c4 26. b3 Nf5 27. Qd2 Qa7+ 28. Qf2 Qa3 29. Qd2 d4 30. g4 c3 31. Qe1 Ne3 32. Nxd4 Qxa2 33. Qxe3 Qd2 34. Nc2 Qd5 35. b4 Qc4 36. Nd4 Qxb4 37. e6 Re8 38. Qxc3 Qb6 39. Qc5 Qb2 40. Re1 fxe6 41. Nc6 Qd2 42. Qe3 Qd5 43. Ne5 Rb8 44. Qd3 Qc5+ 45. Kg2 Qb4 46. Re2 Qxf4 47. Ng6 Qxg4+ 48. Kf2 Rb7 49. Qd8+ Kh7 50. Nf8+ Kg8 51. Nxe6+ Kh7 52. Nf8+ Kg8 53. Ng6+ Kh7 54. Nf8+ Kg8 55. Ne6+ Kh7 56. Qd3+ Kh8 57. Qd8+ Kh7 58. Nf8+ Kg8 1/2-1/2

[Event "PlusCity Grand Prix Blitz"]
[Site "Pasching"]
[Date "2025.05.29"]
[Round "3"]
[White "Deuer, Marius"]
[Black "Erdos, Viktor"]
[Result "1-0"]
[WhiteElo "2479"]
[BlackElo "2542"]
[PlyCount "71"]
[EventDate "2025.05.29"]
[EventType "swiss (blitz)"]
[EventRounds "13"]
[EventCountry "AUT"]
[SourceTitle "CB23_2025"]
[SourceDate "2025.06.04"]
[SourceVersion "1"]
[SourceVersionDate "2025.06.04"]
[SourceQuality "1"]

1. d4 d5 2. c4 c5 3. cxd5 Nf6 4. Nc3 Nxd5 5. e4 Nxc3 6. bxc3 cxd4 7. cxd4 e5 8. d5 Bd6 9. Bd3 Nd7 10. Ne2 Nc5 11. Bc2 0-0 12. 0-0 b5 13. Ng3 a5 14. Be3 Bd7 15. Qf3 g6 16. Bh6 Re8 17. Nh5 f5 18. exf5 e4 19. Qc3 Be5 20. Qxc5 Rc8 21. Qe3 Rxc2 22. fxg6 Qh4 23. Ng3 Bxa1 24. Rxa1 Qf6 25. Rf1 Qxg6 26. Bf4 b4 27. Qd4 Qg7 28. Qb6 Qf8 29. Nh5 Kh8 30. Qd4+ Kg8 31. Nf6+ Kf7 32. Nxd7 Qg7 33. Ne5+ Kg8 34. d6 e3 35. Bxe3 Qxe5 36. d7 1-0

[Event "PlusCity Grand Prix Blitz"]
[Site "Pasching"]
[Date "2025.05.29"]
[Round "7"]
[White "Deuer, Marius"]
[Black "Froewis, Georg"]
[Result "1-0"]
[WhiteElo "2479"]
[BlackElo "2428"]
[PlyCount "73"]
[EventDate "2025.05.29"]
[EventType "swiss (blitz)"]
[EventRounds "13"]
[EventCountry "AUT"]
[SourceTitle "CB23_2025"]
[SourceDate "2025.06.04"]
[SourceVersion "1"]
[SourceVersionDate "2025.06.04"]
[SourceQuality "1"]

1. d4 d5 2. c4 e6 3. Nf3 Nf6 4. cxd5 exd5 5. Nc3 c6 6. Qc2 g6 7. Bf4 Bf5 8. Qb3 Qb6 9. h3 Qxb3 10. axb3 Nbd7 11. g4 Be4 12. Bg2 Be7 13. 0-0 0-0 14. Nxe4 Nxe4 15. e3 Rfe8 16. Rfd1 Bd6 17. Bh6 Bf8 18. Bf4 Bd6 19. Bh6 Nf8 20. Ne1 Ne6 21. h4 Nf6 22. f3 Bf8 23. Bxf8 Kxf8 24. Kf2 h5 25. g5 Nd7 26. Bh3 Re7 27. Nd3 a6 28. f4 f5 29. gxf6 Nxf6 30. Rg1 Ne4+ 31. Ke2 Rae8 32. Ne5 Rg7 33. Nxg6+ Kf7 34. Ne5+ Kf6 35. Rxg7 Nxg7 36. Rg1 Re7 37. Rg6# 1-0

[Event "PlusCity Grand Prix Blitz"]
[Site "Pasching"]
[Date "2025.05.29"]
[Round "13"]
[White "Deuer, Marius"]
[Black "Stevic, Hrvoje"]
[Result "0-1"]
[WhiteElo "2479"]
[BlackElo "2535"]
[PlyCount "88"]
[EventDate "2025.05.29"]
[EventType "swiss (blitz)"]
[EventRounds "13"]
[EventCountry "AUT"]
[SourceTitle "CB23_2025"]
[SourceDate "2025.06.04"]
[SourceVersion "1"]
[SourceVersionDate "2025.06.04"]
[SourceQuality "1"]

1. d4 d5 2. c4 c6 3. Nf3 Nf6 4. Qc2 dxc4 5. e4 b5 6. b3 cxb3 7. axb3 e6 8. Bd2 a5 9. Bd3 Na6 10. 0-0 Nb4 11. Bxb4 Bxb4 12. Ne5 Bb7 13. Nxc6 Bxc6 14. Qxc6+ Ke7 15. Qb7+ Qd7 16. Qxd7+ Nxd7 17. Bxb5 Nf6 18. f3 Rhd8 19. Rd1 Rxd4 20. Rxd4 Bc5 21. Kf1 Bxd4 22. Ra2 Rc8 23. Bc4 Bb6 24. Nd2 Nd7 25. Bb5 Rc1+ 26. Ke2 Rg1 27. g3 Rg2+ 28. Kd3 Ne5+ 29. Kc3 Nxf3 30. Rc2 Nd4 31. Bf1 Rxh2 32. Rc1 Bc5 33. Nc4 Nc6 34. Rd1 h5 35. e5 h4 36. gxh4 Rxh4 37. Bg2 Bb4+ 38. Kd3 Rd4+ 39. Kc2 Rxd1 40. Kxd1 Nd4 41. Nb6 Nxb3 42. Nc8+ Kd8 43. Na7 Nd4 44. Be4 Kc7 0-1

[Event "GER-ch Blitz"]
[Site "Munich"]
[Date "2025.05.24"]
[Round "13"]
[White "Deuer, Marius"]
[Black "Knuedel, Torben"]
[Result "0-1"]
[WhiteElo "2479"]
[BlackElo "2319"]
[PlyCount "73"]
[EventDate "2025.05.24"]
[EventType "tourn (blitz)"]
[EventRounds "29"]
[EventCountry "GER"]
[EventCategory "6"]
[SourceTitle "CB22_2025"]
[SourceDate "2025.05.28"]
[SourceVersion "1"]
[SourceVersionDate "2025.05.28"]
[SourceQuality "1"]

1. d4 Nf6 2. c4 e6 3. Bf4 d6 4. Nf3 b6 5. Nc3 Bb7 6. Qc2 Nbd7 7. e4 Nh5 8. Be3 e5 9. g3 Nhf6 10. 0-0-0 Ng4 11. Bg5 Be7 12. h4 exd4 13. Rxd4 Nge5 14. Bxe7 Qxe7 15. Nxe5 Nxe5 16. Nd5 Bxd5 17. cxd5 0-0 18. f4 Nd7 19. Bh3 Nc5 20. Re1 a5 21. Kb1 b5 22. e5 b4 23. e6 Qf6 24. Rc4 Kh8 25. g4 c6 26. g5 Qe7 27. f5 cxd5 28. Rd4 fxe6 29. fxe6 a4 30. Rxd5 b3 31. Qc4 a3 32. axb3 Rfb8 33. b4 axb2 34. Kxb2 Ra4 35. Kc3 Qb7 36. e7 Re8 37. Rxc5 0-1

[Event "GER-ch Blitz"]
[Site "Munich"]
[Date "2025.05.24"]
[Round "17"]
[White "Deuer, Marius"]
[Black "Moeller, Maurin"]
[Result "1/2-1/2"]
[WhiteElo "2479"]
[BlackElo "2291"]
[PlyCount "79"]
[EventDate "2025.05.24"]
[EventType "tourn (blitz)"]
[EventRounds "29"]
[EventCountry "GER"]
[EventCategory "6"]
[SourceTitle "CB22_2025"]
[SourceDate "2025.05.28"]
[SourceVersion "1"]
[SourceVersionDate "2025.05.28"]
[SourceQuality "1"]

1. Nf3 c5 2. c4 Nc6 3. b3 Nf6 4. Bb2 g6 5. g3 Bg7 6. Bg2 0-0 7. 0-0 d6 8. d4 cxd4 9. Nxd4 Bd7 10. Nc3 Rc8 11. Rc1 a6 12. Qd2 Qa5 13. Rfd1 Qh5 14. Nf3 Rfd8 15. Qg5 Qxg5 16. Nxg5 h6 17. Nf3 Ng4 18. h3 Nge5 19. Nd2 Be6 20. Ba1 Kf8 21. Nd5 Bxd5 22. Bxd5 Nb4 23. Bxb7 Rb8 24. Bg2 Nxa2 25. Rb1 Rdc8 26. Kf1 a5 27. f4 Nc6 28. Bxg7+ Kxg7 29. Bxc6 Rxc6 30. Ra1 Nb4 31. Rxa5 Nc2 32. Kf2 Nd4 33. Rb1 Rcb6 34. Ra3 R8b7 35. e3 Ne6 36. Ke2 Nc5 37. Kd1 Rb4 38. Kc2 g5 39. Kc3 Kg6 40. Ra8 1/2-1/2

[Event "GER-ch Blitz"]
[Site "Munich"]
[Date "2025.05.24"]
[Round "5"]
[White "Deuer, Marius"]
[Black "Richter, Christian"]
[Result "1-0"]
[WhiteElo "2479"]
[BlackElo "2340"]
[PlyCount "75"]
[EventDate "2025.05.24"]
[EventType "tourn (blitz)"]
[EventRounds "29"]
[EventCountry "GER"]
[EventCategory "6"]
[SourceTitle "CB22_2025"]
[SourceDate "2025.05.28"]
[SourceVersion "1"]
[SourceVersionDate "2025.05.28"]
[SourceQuality "1"]

1. d4 Nf6 2. c4 g6 3. g3 Bg7 4. Bg2 0-0 5. Nc3 d6 6. Nf3 Nc6 7. 0-0 a6 8. d5 Na5 9. Nd2 c5 10. Rb1 Rb8 11. b3 b5 12. Bb2 Bf5 13. e4 Bg4 14. Qc2 e5 15. dxe6 Bxe6 16. Nd5 Bxd5 17. cxd5 Qb6 18. Kh1 Rbc8 19. Bc3 b4 20. Ba1 Rfe8 21. h3 Nd7 22. Bxg7 Kxg7 23. f4 f6 24. h4 Qb5 25. Nc4 Nxc4 26. bxc4 Qb7 27. Bh3 Ra8 28. Be6 Re7 29. Qb2 a5 30. Rbe1 a4 31. g4 Rf8 32. g5 Qa8 33. gxf6+ Rxf6 34. Kg1 Qf8 35. Bxd7 Rxd7 36. e5 dxe5 37. fxe5 Rxf1+ 38. Rxf1 1-0

[Event "GER-ch Blitz"]
[Site "Munich"]
[Date "2025.05.24"]
[Round "29"]
[White "Nothnagel, Marian Can"]
[Black "Deuer, Marius"]
[Result "0-1"]
[WhiteElo "2434"]
[BlackElo "2479"]
[PlyCount "69"]
[EventDate "2025.05.24"]
[EventType "tourn (blitz)"]
[EventRounds "29"]
[EventCountry "GER"]
[EventCategory "6"]
[SourceTitle "CB22_2025"]
[SourceDate "2025.05.28"]
[SourceVersion "1"]
[SourceVersionDate "2025.05.28"]
[SourceQuality "1"]

1. e4 g6 2. d4 Bg7 3. Nf3 c6 4. c3 d5 5. Nbd2 dxe4 6. Nxe4 Nf6 7. Nxf6+ exf6 8. Bd3 0-0 9. 0-0 a5 10. h3 Na6 11. Re1 Nc7 12. Qc2 Be6 13. Bf4 Nd5 14. Bg3 Qd7 15. Rad1 Rfe8 16. a3 b5 17. Nd2 Bh6 18. Ne4 Bf5 19. Nc5 Bxd3 20. Qxd3 Qd8 21. Qf3 Ra7 22. Kf1 Rae7 23. Rxe7 Qxe7 24. Nd3 Qd7 25. Re1 Rxe1+ 26. Kxe1 b4 27. axb4 axb4 28. c4 Nb6 29. Qxf6 Bg7 30. Qd6 Qe8+ 31. Kd1 Qe4 32. Nc1 Nxc4 33. Qxb4 Qxd4+ 34. Ke1 Qe4+ 35. Ne2 0-1

[Event "GER-ch Blitz"]
[Site "Munich"]
[Date "2025.05.24"]
[Round "27"]
[White "Stein, Robert"]
[Black "Deuer, Marius"]
[Result "1-0"]
[WhiteElo "2422"]
[BlackElo "2479"]
[PlyCount "75"]
[EventDate "2025.05.24"]
[EventType "tourn (blitz)"]
[EventRounds "29"]
[EventCountry "GER"]
[EventCategory "6"]
[SourceTitle "CB22_2025"]
[SourceDate "2025.05.28"]
[SourceVersion "1"]
[SourceVersionDate "2025.05.28"]
[SourceQuality "1"]

1. Nf3 Nf6 2. c4 b6 3. g3 Bb7 4. Bg2 g6 5. b3 Bg7 6. Bb2 0-0 7. 0-0 d6 8. d4 c5 9. d5 e6 10. dxe6 fxe6 11. Nc3 Qe7 12. Qc2 d5 13. cxd5 exd5 14. e3 Nc6 15. Rad1 Rfd8 16. Ne2 Nb4 17. Qb1 d4 18. a3 Be4 19. Qc1 Nd3 20. Qc4+ Kh8 21. Rxd3 b5 22. Qxb5 Rab8 23. Qc4 Bxd3 24. Qxd3 dxe3 25. Qxe3 Qxe3 26. fxe3 Rxb3 27. Bc1 Ne4 28. h4 Rb1 29. Ng5 Nxg5 30. hxg5 c4 31. Nf4 Re8 32. Bd5 c3 33. Kf2 Be5 34. Ke2 Rd8 35. e4 Rdb8 36. g4 Re8 37. Nd3 Bd4 38. Be3 1-0

[Event "GER-ch Blitz"]
[Site "Munich"]
[Date "2025.05.24"]
[Round "25"]
[White "Zuferi, Enis"]
[Black "Deuer, Marius"]
[Result "0-1"]
[WhiteElo "2351"]
[BlackElo "2479"]
[PlyCount "94"]
[EventDate "2025.05.24"]
[EventType "tourn (blitz)"]
[EventRounds "29"]
[EventCountry "GER"]
[EventCategory "6"]
[SourceTitle "CB22_2025"]
[SourceDate "2025.05.28"]
[SourceVersion "1"]
[SourceVersionDate "2025.05.28"]
[SourceQuality "1"]

1. d4 Nf6 2. c4 e6 3. Nc3 d5 4. cxd5 exd5 5. Bg5 Be7 6. e3 0-0 7. Bd3 c6 8. h3 h6 9. Bf4 a5 10. Nf3 Re8 11. 0-0 Nbd7 12. Qc2 Nf8 13. Ne5 Bd6 14. Na4 Qc7 15. Bg3 N8d7 16. f4 b5 17. Nc3 Bb7 18. Rac1 Qb6 19. Kh1 Rac8 20. Qf2 Ba6 21. Bf5 Rc7 22. Rfe1 b4 23. Na4 Qb5 24. b3 c5 25. Nxd7 Nxd7 26. Bxd7 Qxd7 27. dxc5 Be7 28. Red1 Qf5 29. Rd4 Bf6 30. Rd2 Bb5 31. Qf3 Bc6 32. Qg4 Qxg4 33. hxg4 Rxe3 34. Kh2 d4 35. Nb6 Re4 36. Nc4 a4 37. Nd6 Re3 38. Nf5 Rc3 39. Re1 axb3 40. axb3 Rxb3 41. Nxd4 Bxd4 42. Rxd4 Rb2 43. f5 Rxg2+ 44. Kh3 Ra7 45. Re3 Rg1 46. Rxb4 Rh1+ 47. Bh2 Ra2 0-1

[Event "Mitropa Cup"]
[Site "Trencin"]
[Date "2025.05.20"]
[Round "7.1"]
[White "Deuer, Marius"]
[Black "Pechac, Jergus"]
[Result "1/2-1/2"]
[WhiteElo "2479"]
[BlackElo "2600"]
[PlyCount "60"]
[EventDate "2025.05.14"]
[EventType "team-tourn"]
[EventRounds "9"]
[EventCountry "SVK"]
[SourceTitle "CB22_2025"]
[SourceDate "2025.05.28"]
[SourceVersion "1"]
[SourceVersionDate "2025.05.28"]
[SourceQuality "1"]
[WhiteTeam "Germany"]
[BlackTeam "Slovakia"]
[WhiteTeamCountry "GER"]
[BlackTeamCountry "SVK"]

1. d4 d5 2. c4 dxc4 3. Nf3 a6 4. e3 b5 5. a4 Bb7 6. b3 Nf6 7. axb5 axb5 8. Rxa8 Bxa8 9. bxc4 bxc4 10. Bxc4 e6 11. 0-0 Bd6 12. Ba3 0-0 13. Bxd6 Qxd6 14. Nbd2 Nbd7 15. Be2 c5 16. Nc4 Qd5 17. dxc5 Nxc5 18. Nb6 Qxd1 19. Rxd1 Bxf3 20. Bxf3 h6 21. Rc1 Ncd7 22. Nxd7 Nxd7 23. g3 g6 24. Kg2 Kg7 25. Rc2 h5 26. h4 Ne5 27. Rd2 Nxf3 28. Kxf3 Kf6 29. Ra2 Rh8 30. Rd2 Ke7 1/2-1/2

[Event "Mitropa Cup"]
[Site "Trencin"]
[Date "2025.05.17"]
[Round "4.1"]
[White "Bodrogi, Bendeguz"]
[Black "Deuer, Marius"]
[Result "0-1"]
[WhiteElo "2460"]
[BlackElo "2479"]
[PlyCount "136"]
[EventDate "2025.05.14"]
[EventType "team-tourn"]
[EventRounds "9"]
[EventCountry "SVK"]
[SourceTitle "CB22_2025"]
[SourceDate "2025.05.28"]
[SourceVersion "1"]
[SourceVersionDate "2025.05.28"]
[SourceQuality "1"]
[WhiteTeam "Hungary"]
[BlackTeam "Germany"]
[WhiteTeamCountry "HUN"]
[BlackTeamCountry "GER"]

1. Nf3 Nf6 2. g3 d5 3. Bg2 e6 4. 0-0 Be7 5. d3 0-0 6. c4 c5 7. Ne5 Qc7 8. f4 d4 9. e3 Nfd7 10. exd4 cxd4 11. Nf3 Nc6 12. Na3 a6 13. Nc2 Rd8 14. Qe2 Nf6 15. Rb1 a5 16. h3 Bc5 17. b3 Nb4 18. Nce1 Nc6 19. a3 Rb8 20. Nc2 b5 21. Bd2 bxc4 22. bxc4 Ba6 23. Kh2 Rxb1 24. Rxb1 Bxc4 25. dxc4 d3 26. Qd1 dxc2 27. Qxc2 Bxa3 28. Rb5 Bb4 29. Be3 Rb8 30. Ng5 Rc8 31. Rb6 Qd7 32. Ne4 Nxe4 33. Qxe4 Nd8 34. Ra6 Bc5 35. Bc1 Qd1 36. Be3 Bxe3 37. Qxe3 Rxc4 38. Rxa5 Qd4 39. Ra8 h6 40. Qxd4 Rxd4 41. h4 g6 42. Bf3 Kg7 43. Kg2 Rd2+ 44. Kf1 f5 45. Ke1 Rd7 46. Kf2 Nf7 47. Re8 Kf6 48. g4 Nd6 49. Rf8+ Kg7 50. Ra8 Nc4 51. Be2 Nb6 52. Ra6 Nd5 53. Kg3 Rc7 54. Rxe6 Rc3+ 55. Bf3 fxg4 56. Kxg4 Ne3+ 57. Rxe3 Rxe3 58. h5 gxh5+ 59. Kg3 h4+ 60. Kf2 Ra3 61. Bg2 Kf6 62. Kg1 Kf5 63. Bd5 Kxf4 64. Kh2 h3 65. Be6 Kg5 66. Bxh3 Kh4 67. Be6 Re3 68. Bg8 Rh3+ 0-1

[Event "Mitropa Cup"]
[Site "Trencin"]
[Date "2025.05.16"]
[Round "3.1"]
[White "Deuer, Marius"]
[Black "Baidetsky, Valentin"]
[Result "1-0"]
[WhiteElo "2479"]
[BlackElo "2498"]
[PlyCount "91"]
[EventDate "2025.05.14"]
[EventType "team-tourn"]
[EventRounds "9"]
[EventCountry "SVK"]
[SourceTitle "CB22_2025"]
[SourceDate "2025.05.28"]
[SourceVersion "1"]
[SourceVersionDate "2025.05.28"]
[SourceQuality "1"]
[WhiteTeam "Germany"]
[BlackTeam "Austria"]
[WhiteTeamCountry "GER"]
[BlackTeamCountry "AUT"]

1. d4 Nf6 2. c4 e6 3. Nc3 Bb4 4. e3 0-0 5. Bd3 d5 6. a3 Bxc3+ 7. bxc3 dxc4 8. Bxc4 c5 9. Ne2 Qc7 10. Bd3 Nc6 11. f4 b6 12. 0-0 Ne7 13. e4 Bb7 14. Ng3 cxd4 15. cxd4 Qc3 16. Ra2 Qxd4+ 17. Kh1 Rfd8 18. Rd2 Qc5 19. Bb2 Ne8 20. Qe2 Rac8 21. h3 Qa5 22. Rdd1 Bc6 23. f5 e5 24. Nh5 Ba4 25. Rc1 Rxc1 26. Rxc1 Nc6 27. Kh2 Rd6 28. Rc3 Nd4 29. Qg4 Bd7 30. Bc4 g6 31. Qg5 Kf8 32. Qh6+ Ke7 33. Ng3 gxf5 34. Qxh7 f4 35. Qxf7+ Kd8 36. Nf5 Nxf5 37. exf5 Rf6 38. Qg8 e4 39. Be6 Bxe6 40. fxe6 f3 41. Rc8+ Kxc8 42. Qxe8+ Kb7 43. Bxf6 f2 44. Qf7+ Ka6 45. Bd4 e3 46. e7 1-0

[Event "Mitropa Cup"]
[Site "Trencin"]
[Date "2025.05.15"]
[Round "2.1"]
[White "Bogner, Sebastian"]
[Black "Deuer, Marius"]
[Result "1/2-1/2"]
[WhiteElo "2549"]
[BlackElo "2479"]
[PlyCount "97"]
[EventDate "2025.05.14"]
[EventType "team-tourn"]
[EventRounds "9"]
[EventCountry "SVK"]
[SourceTitle "CB22_2025"]
[SourceDate "2025.05.28"]
[SourceVersion "1"]
[SourceVersionDate "2025.05.28"]
[SourceQuality "1"]
[WhiteTeam "Switzerland"]
[BlackTeam "Germany"]
[WhiteTeamCountry "SUI"]
[BlackTeamCountry "GER"]

1. e4 c6 2. d4 d5 3. e5 c5 4. Nf3 cxd4 5. Qxd4 Nc6 6. Qf4 f6 7. Nc3 a6 8. Qg3 fxe5 9. Nxe5 Nf6 10. Bd3 Nxe5 11. Qxe5 e6 12. Bf4 Bc5 13. 0-0 0-0 14. h3 Bd7 15. Be3 Bxe3 16. Qxe3 Qc7 17. Rae1 Rae8 18. Qd4 Bc6 19. f4 Nd7 20. b4 Qd8 21. a4 Qf6 22. Qxf6 Nxf6 23. b5 axb5 24. axb5 Bd7 25. Na4 Nh5 26. Nb6 Bc8 27. Nxc8 Rxc8 28. f5 Ng3 29. Rf3 Nxf5 30. Rxe6 Nd4 31. Rxf8+ Kxf8 32. Rb6 Rc7 33. Bxh7 Nxc2 34. Rd6 Nb4 35. Bf5 Ke7 36. Rg6 Kf7 37. g4 d4 38. Rd6 Rc5 39. b6 d3 40. Kf2 Rb5 41. h4 Ke7 42. Rd7+ Kf6 43. Be4 Rxb6 44. Ke3 g6 45. g5+ Ke5 46. Re7+ Kd6 47. Rg7 Nd5+ 48. Kxd3 Ke5 49. Bxd5 1/2-1/2

[Event "Menorca op-A 4th"]
[Site "Ciutadella"]
[Date "2025.04.27"]
[Round "9"]
[White "Murzin, Volodar"]
[Black "Deuer, Marius"]
[Result "1-0"]
[WhiteElo "2658"]
[BlackElo "2464"]
[PlyCount "55"]
[EventDate "2025.04.22"]
[EventType "swiss"]
[EventRounds "9"]
[EventCountry "ESP"]
[SourceTitle "CB18_2025"]
[SourceDate "2025.04.30"]
[SourceVersion "1"]
[SourceVersionDate "2025.04.30"]
[SourceQuality "1"]

1. d4 Nf6 2. Bf4 e6 3. e3 d5 4. Nd2 c5 5. c3 Nc6 6. Ngf3 Be7 7. Bd3 Nh5 8. Be5 f6 9. Bg3 g6 10. a3 0-0 11. 0-0 Nxg3 12. hxg3 f5 13. dxc5 Bxc5 14. c4 dxc4 15. Bxc4 a6 16. Rc1 Ba7 17. Qb3 Qe7 18. Bxa6 Bxe3 19. Qxe3 Rxa6 20. Nc4 b5 21. Nce5 Bb7 22. Rc5 Nxe5 23. Nxe5 Rd6 24. Qc3 Qf6 25. Rc7 Bd5 26. Re1 Rdd8 27. Qc1 g5 28. Nd7 1-0

[Event "Marianske Lazne GM-A1 23rd"]
[Site "Marianske Lazne"]
[Date "2025.01.25"]
[Round "9"]
[White "Baum, Jonasz"]
[Black "Deuer, Marius"]
[Result "1-0"]
[WhiteElo "2457"]
[BlackElo "2505"]
[PlyCount "65"]
[EventDate "2025.01.18"]
[EventType "tourn"]
[EventRounds "9"]
[EventCountry "CZE"]
[EventCategory "7"]
[SourceTitle "CB05_2025"]
[SourceDate "2025.01.29"]
[SourceVersion "1"]
[SourceVersionDate "2025.01.29"]
[SourceQuality "1"]

1. c4 Nf6 2. Nf3 c5 3. Nc3 Nc6 4. d4 cxd4 5. Nxd4 e6 6. e4 Bc5 7. Nc2 0-0 8. Be3 Qb6 9. Qd2 Bxe3 10. Nxe3 Rd8 11. Be2 Qc5 12. 0-0 b6 13. Rad1 Bb7 14. a3 Rac8 15. f4 Qe7 16. e5 Ne8 17. Nb5 f5 18. Bf3 g6 19. Nxa7 Ra8 20. Nb5 Na5 21. b4 Bxf3 22. Rxf3 Nc6 23. Nc2 Na7 24. Ncd4 Rdc8 25. Nxa7 Rxa7 26. Nb5 Rb7 27. Qe2 Rc6 28. Nd4 Rc8 29. Nb5 Rc6 30. Re3 Qh4 31. Rd4 g5 32. fxg5 f4 33. Rf3 1-0

[Event "Marianske Lazne GM-A1 23rd"]
[Site "Marianske Lazne"]
[Date "2025.01.24"]
[Round "8"]
[White "Deuer, Marius"]
[Black "Natsidis, Christoph"]
[Result "1-0"]
[WhiteElo "2505"]
[BlackElo "2351"]
[PlyCount "45"]
[EventDate "2025.01.18"]
[EventType "tourn"]
[EventRounds "9"]
[EventCountry "CZE"]
[EventCategory "7"]
[SourceTitle "CB05_2025"]
[SourceDate "2025.01.29"]
[SourceVersion "1"]
[SourceVersionDate "2025.01.29"]
[SourceQuality "1"]

1. d4 Nf6 2. c4 c5 3. d5 b5 4. Nf3 bxc4 5. Nc3 e6 6. e4 Bb7 7. Bxc4 exd5 8. exd5 d6 9. 0-0 Be7 10. Re1 0-0 11. Qe2 Re8 12. Bg5 Nbd7 13. Bb5 Kf8 14. Qc2 g6 15. Qa4 a6 16. Bc6 Bxc6 17. dxc6 Nb6 18. Qh4 Nh5 19. c7 Qd7 20. Bxe7+ Rxe7 21. g4 Rxe1+ 22. Rxe1 Nf4 23. Qh6+ 1-0

[Event "Marianske Lazne GM-A1 23rd"]
[Site "Marianske Lazne"]
[Date "2025.01.19"]
[Round "2"]
[White "Deuer, Marius"]
[Black "Korobov, Anton"]
[Result "1/2-1/2"]
[WhiteElo "2505"]
[BlackElo "2627"]
[PlyCount "20"]
[EventDate "2025.01.18"]
[EventType "tourn"]
[EventRounds "9"]
[EventCountry "CZE"]
[EventCategory "7"]
[SourceTitle "CB05_2025"]
[SourceDate "2025.01.29"]
[SourceVersion "1"]
[SourceVersionDate "2025.01.29"]
[SourceQuality "1"]

1. d4 Nf6 2. c4 g6 3. g3 Bg7 4. Bg2 0-0 5. Nc3 d6 6. Nf3 c6 7. h3 Bf5 8. g4 Be6 9. d5 Bd7 10. 0-0 Na6 1/2-1/2

[Event "EU-ch 24th"]
[Site "Petrovac"]
[Date "2024.11.19"]
[Round "11"]
[White "Sargissian, Gabriel"]
[Black "Deuer, Marius"]
[Result "1/2-1/2"]
[WhiteElo "2640"]
[BlackElo "2479"]
[PlyCount "82"]
[EventDate "2024.11.08"]
[EventType "swiss"]
[EventRounds "11"]
[EventCountry "MNE"]
[SourceTitle "CB47_2024"]
[SourceDate "2024.11.20"]
[SourceVersion "1"]
[SourceVersionDate "2024.11.20"]
[SourceQuality "1"]

1. Nf3 Nf6 2. g3 c5 3. Bg2 Nc6 4. 0-0 e5 5. e4 d6 6. d3 g6 7. c4 Bg7 8. Nc3 h6 9. a3 a5 10. b3 0-0 11. Bd2 Rb8 12. Rb1 Ne8 13. Nd5 Nc7 14. Nb6 Bg4 15. h3 Be6 16. Bc3 Na6 17. Nd5 Qd7 18. h4 b5 19. cxb5 Rxb5 20. Nd2 f5 21. h5 g5 22. exf5 Bxf5 23. Nc4 Bg4 24. Ndb6 Qe6 25. Bd5 Qxd5 26. Nxd5 Bxd1 27. Rfxd1 Rfb8 28. Nxd6 Rxb3 29. Rxb3 Rxb3 30. Nc4 a4 31. Rc1 Nab8 32. Ndb6 Nd4 33. Kf1 Nb5 34. Nxa4 Nd7 35. Bb2 Rxd3 36. Nc3 Nd4 37. a4 Nb3 38. Rb1 Rd4 39. Ba3 Rxc4 40. Rxb3 e4 41. Nd5 Rxa4 1/2-1/2